Anglo-americké katalogizačné pravidlá

Na minha lista:
Detalhes bibliográficos
Formato: Livro
Idioma:eslovaco
Publicado em: Martin : Slovenská národná knižnica, 2002
Edição:1. slov. vyd
Assuntos:
Tags: Adicionar Tag
Sem tags, seja o primeiro a adicionar uma tag!

MARC

LEADER 00000nam a22000003a 4500
001 stu92788
005 20150408161030.4
008 050208s2002----xo------------------slo-d
020 |a 80-89023-38-X 
040 |a STU  |b slo 
041 0 |a slo 
044 |a xo 
080 |a 025.31 
245 |a Anglo-americké katalogizačné pravidlá 
250 |a 1. slov. vyd 
260 |a Martin :  |b Slovenská národná knižnica,  |c 2002 
650 7 |a katalogizácia  |2 stusub 
650 7 |a knihovníctvo  |2 stusub 
996 |b 284M037957  |c M*11555-1  |l MMKN  |s A  |a 24  |w stu92788_0001